La Construcción Social de la Alfabetización /

Guardat en:
Dades bibliogràfiques
Autor principal: Cook-Gumperz, Jenny (autor)
Format: Llibre
Idioma:espanyol
Col·lecció:(Temas de Educación ; 7)
Matèries:
Etiquetes: Afegir etiqueta
Sense etiquetes, Sigues el primer a etiquetar aquest registre!

MARC

LEADER 00000nam^a2200000^a^4500
001 000029982
005 20250521000000.0
009 20260310084947.306
020 |a 84-7509-485-6 
037 |a Acervo ITESO - Biblioteca 
041 |a ESP 
082 |a 370. 193  |b COO 
100 |a Cook-Gumperz, Jenny  |e (autor) 
245 1 3 |a La Construcción Social de la Alfabetización /  |c J. Cook-Gumperz; tr. por: Ramón Alonso. 
264 |a Barcelona, España :  |b Paidós :  |b Ministerio de Educación y Ciencia,  |c 1988 
300 |a 277 p. 
336 |a texto  |b txt  |2 rdacontenido 
337 |a sin mediación  |b n  |2 rdamedio 
338 |a volumen  |b nc  |2 rdasoporte 
440 1 |a (Temas de Educación ;  |v 7) 
500 |a Traducción de: The Social Construction of Literary 
649 |a XX 
650 |a Sociología de la Educación 
650 |a Sociología de la Educación 
650 |a Sociolingüística 
650 |a Alfabetización 
910 |a Fondo General 
920 |a Impresos - Libros 
930 |a Colección General 
905 |a 101 
901 |a 0299820100  |b IT1  |c ACC  |i 029982  |u 20250521 
902 |a https://opac.biblio.iteso.mx/vufind/Record/000029982